00739nam a2200181 a 4500008004100000050001300041100002400054245010800078260004000186300001400226350000900240490003400249650001400283700002100297995009900318999001700417952012300434081001s2007 ||||||||||||||||| || u aIBRD(08) aSchmukler, Sergio L10aInternational financial integration through equity markets: which firms from which countries go global? aWashington, D. C.bWorld Bankc2007 a48p. :ill a0.00 aPolicy Research Working Paper 0aECONOMICS aClaessens, Stijn D0.00FCBU-MAIN LIBRARY (Kitwe)H1I0.00M1UAVAILABLEWOct 1, 2008ZInternational Publications c47384d47384 00102lcc4070a001b001cInternational Publicationsd2022-11-30l0oIBRD(08)pZ03003000r2022-11-30w2022-11-30y002